000 00795nas a2200241 4500
001 BR0810136
003 BR-BrBNA
005 20231205112923.0
007 ta
008 230509b bl.|||p| |||| 00| 00por d
040 _aBR-BrBNA
_bpor
_cBiblioteca Nacional de Agricultura
041 _a(Pt)
072 _aL20
100 1 _aCastro, B.G.
100 1 _aSouza, M.M.S.
100 1 _aBittencourt, A.J.
245 1 _aMicrobiota bacteriana em segmentos de mosca do estábulo Stomoxys calcitrans no Brasil: primeiro relato de espécies
650 _aBACTÉRIA
650 _aMOSCA
773 0 _tArquivo Brasileiro de Medicina Veterinária e Zootecnia (Brazil)
_xISSN 0102-0935
_g(Aug 2008), v. 60(4) p. 1029-1031
_wBR0810136
909 _a202311
_bLúcia
_c55
_dLúcia Elande
942 _2AGRIS
_n0
_cANA
999 _c200803
_d200803